Things That Are Only in Three Countries... - Statistics

General Stats
  • This quiz has been taken 12 times
    4 since last reset
  • The average score is 7 of 50
Answer Stats
The three countries that... Answer % Correct
Starting with the letter F? Fiji, Finland, and France
100%
Starting with the letter H? Haiti, Honduras, and Hungary
100%
Starting with the letter J? Jamaica, Japan, and Jordan
100%
Starting with the letter R? Romania, Russia, and Rwanda
100%
Bordering Togo? Benin, Burkina Faso, and Ghana
67%
Bordering Malaysia? Brunei, Indonesia, and Thailand
67%
Ending with the suffix -lands? Marshall Islands, Netherlands, and Solomon Islands
67%
Has a capital city that starting with the letter O? Burkina Faso, Canada, and Norway
33%
Bordering Indonesia? Malaysia, Papua New Guinea, and Timor Leste
33%
Containing the word 'South'? South Africa, South Korea, and South Sudan
33%
Located in the Pyrenees? Andorra, France, and Spain
0%
The 45th parallel south passes through on land? Argentina, Chile, and New Zealand
0%
Was a runner-up in one of the past three world cups? Argentina, France, and the Netherlands
0%
Countries that is located in the Caucasus (but is not Russia)? Armenia, Azerbaijan, and Georgia
0%
Hosted the Summer Olympics in the 2000s? Australia, Greece, and China
0%
Has the lowest population density in the world? Australia, Mongolia, and Namibia
0%
Ending with the suffix -lia? Australia, Mongolia, and Somalia
0%
Has a second letter that is Z? Azerbaijan, Czech Republic, and Uzbekistan
0%
Is one of the three smallest countries (by area) in Asia? Bahrain, Maldives, and Singapore
0%
Has Russian as an official language (but is not Russia)? Belarus, Kazakhstan, and Kyrgyzstan
0%
Bordering Luxembourg? Belgium, France, and Germany
0%
Ending with the letter M? Belgium, United Kingdom, and Vietnam
0%
Bordering Mexico? Belize, Guatemala, and the United States
0%
Has a capital city in South America, but is not the largest city? Bolivia, Brazil, and Ecuador
0%
Countries that producing the most coffee? Brazil, Indonesia, and Vietnam
0%
Is one of the three absolute monarchies outside of the Middle East? Brunei, Eswatini, and Vatican City
0%
Located in the island of Borneo? Brunei, Indonesia, and Malaysia
0%
Bordering Vietnam? Cambodia, Laos, and China
0%
Without McDonald's in Southeast Asia? Cambodia, Laos, and Myanmar
0%
Ending with the letter C? Central African Republic, Czech Republic, and the Dominican Republic
0%
Is one of the three largest countries (by population) in Asia? China, India, and Indonesia
0%
Has a green, white, and orange flag? Côte d'Ivoire, Ireland, and Niger
0%
Is an island countries that is a member state of the European Union? Cyprus, Ireland, and Malta
0%
Containing the vowels in Africa? Democratic Republic of the Congo, Equatorial Guinea, and Mozambique
0%
Baltic countries? Estonia, Latvia, and Lithuania
0%
Bordering Norway? Finland, Russia, and Sweden
0%
Hosted the Winter Olympics in the 1990s? France, Japan and Norway
0%
Has nuclear weapons and is in Europe? France, Russia, and the United Kingdom
0%
Established in 1932? Iraq, Saudi Arabia, and Thailand
0%
Use the Australian dollar as their official currency (Other than Australia)? Kiribati, Nauru, and Tuvalu
0%
It is an enclaved country that is completely surrounded by other one country? Lesotho, San Marino, and Vatican City
0%
Is one of the three smallest countries (by population) in Asia? Maldives, Brunei, and Bhutan
0%
Is a city-state? Monaco, Singapore, and Vatican City
0%
Gained independence in 1956? Morocco, Sudan, and Tunisia
0%
Bordering Finland? Norway, Russia, and Sweden
0%
Is one of the three largest countries (by area) in Asia? Russia, China, and India
0%
One of the largest oil producing country in the world? Russia, Saudi Arabia, and the United States
0%
Containing the word 'United'? United Arab Emirates, United Kingdom, and the United States
0%
Is one of the three smallest countries (by area) in the world? Vatican City, Monaco, and Nauru
0%
Is one of the three countries with the lowest population in the world? Vatican City, Tuvalu, and Palau
0%
No matching quizzes found
Score Distribution
Percent of People with Each Score
Percentile by Number Answered
Your Score History
You have not taken this quiz since the last reset